S.S.C.english : (Record no. 163502)
[ view plain ]
| 000 -LEADER | |
|---|---|
| fixed length control field | 00741nam a22002057a 4500 |
| 005 - DATE AND TIME OF LATEST TRANSACTION | |
| control field | 20190420153939.0 |
| 010 ## - LCCN (DPL NO) | |
| LC control number | B-728118 |
| 020 ## - INTERNATIONAL STANDARD BOOK NUMBER | |
| Terms of availability | 600.00 |
| International Standard Book Number | 9788193704097 |
| 035 ## - SYSTEM CONTROL NUMBER | |
| System control number | B-728118 |
| 037 ## - SOURCE OF ACQUISITION | |
| Source of stock number/acquisition | PANSY BOOKS(RP) |
| 082 ## - DEWEY DECIMAL CLASSIFICATION NUMBER | |
| Classification number | 480 |
| 100 ## - MAIN ENTRY--PERSONAL NAME | |
| Personal name | Ajay Kumar Singh |
| 245 ## - TITLE STATEMENT | |
| Title | S.S.C.english : |
| Remainder of title | privious papers(2013-2017) PT and mains/ |
| Statement of responsibility, etc | by Ajay Kumar Singh |
| 260 ## - PUBLICATION, DISTRIBUTION, ETC. (IMPRINT) | |
| Place of publication, distribution, etc | Patna |
| Name of publisher, distributor, etc | MB Books |
| Date of publication, distribution, etc | 2018 |
| 270 ## - ADDRESS | |
| Address | 3rd floor,Ramdiri house Dadiji Lane Boring Road, |
| City | Patna |
| Postal code | 800001 |
| 300 ## - PHYSICAL DESCRIPTION | |
| Extent | 731p. |
| Other physical details | 26cm(pbk) |
| 505 ## - FORMATTED CONTENTS NOTE | |
| Formatted contents note | 155 sets |
| 942 ## - ADDED ENTRY ELEMENTS (KOHA) | |
| Source of classification or shelving scheme | Dewey Decimal Classification |
| Item type | English Books |
| Classification part | 480 |
| Call number suffix | AJA |
| Withdrawn status | Lost status | Not for loan | Collection code | Home library | Current library | Date acquired | Source of acquisition | Cost, normal purchase price | Full call number | Barcode | Copy number | Cost, replacement price | Koha item type |
|---|---|---|---|---|---|---|---|---|---|---|---|---|---|
| Non-fiction | Shahdara Branch | Shahdara Branch | 20/04/2019 | RP-Shahdara- Bill No1838, dated-12/04/2019 | 600.00 | 480 AJA | B-728118 | 1 | 600.00 | English Books |
